01932njm a2200289Ia 4500001000600000003000900006005001700015008004100032040001300073040001300086041001300099100002300112100001800135100003800153245006800191250001100259260000900270260006900279300001700348300003100365500056900396505043600965511006701401650005701468700004701525700007001572G9794IT-RoPAU20220918181159.0131025s9999 xx 000 0 und d aIT-RoPAU cIT-RoPAU aITALIANO aButtazzo Francesco eAutore musica gCodice autore musica SPICS: 35727 aGloria all'Emmanuele: canti natalizi per la messa con i giovani a1a ed. aROMA bPAOLINE AUDIOVISIVIc2001 [1a Ed.:2001 - Ed. Lingua Orig.: 2001] aCOMPACT DISC c30 minuti (Testo: 12 pag.) aMusica religiosa, liturgica. 10 canti natalizi per la messa con i giovani. Allegato il libretto con i testi dei canti e le note biografiche dei vari autori: Paolo Auricchio, Fabio Baggio, Francesco Buzzatto e Matteo Zambuto. Registrato, missato e masterizzato al Gregstudio, Nepi (Vt), da Greg Puccio, giugno 2001. Chitarre: Paolo Giovenchi. Voci soliste: Raffaella D'Ubaldi e Danilo Defant. Coro: Raffaella D'Ubaldi, Roberta Petteruti, Sergio Marinelli, Piero Poleggi. Grafica: Paola Baldo. In copertina: Natività di Gesù, sec. XIV, Sacro Speco, Subiaco (Rm). aVi annuncio la gioia (F. Baggio, 2:22) - Luce che sorgi nella notte (F. Buttazzo, A.M. Galliano, 3:09) - Emmanuele vieni tra noi (P. Auricchio, 3:40) - Rallegriamoci (P. Auricchio, 3:28) - Ave, piena di grazia (F. Buttazzo, 3:09) - Alleluia, oggi è nato (F. Buttazzo, 1:50) - Emmanuel tu sei (F. Buttazzo, 3:40) - Oggi è nato Gesù (M. Zambuto, 3:05) - Questa terra (F. Baggio, 3:40) - E' Natale se lo vuoi (M. Zambuto, 3:10). aR. D'Ubaldi, D. Defant, R. Petteruti, S. Marinelli, P. Poleggi aNATALIZIO [COMPACT DISC]eCodice MATERIA SPICS: 9949 aAA.VV.eAutoregCodice autore SPICS: 12000 aGalliano AnnamariaeAutore testogCodice autore testo SPICS: 5671